Mars (Record no. 10821)

MARC details
000 -LEADER
fixed length control field 00725nam a2200229Ia 4500
003 - CONTROL NUMBER IDENTIFIER
control field IN-BaIIA
008 - FIXED-LENGTH DATA ELEMENTS--GENERAL INFORMATION
fixed length control field 211028s9999 xx 000 0 eng d
020 ## - INTERNATIONAL STANDARD BOOK NUMBER
International Standard Book Number 0-8165-1257-4
040 ## - CATALOGING SOURCE
Transcribing agency IIA Library
080 ## - UNIVERSAL DECIMAL CLASSIFICATION NUMBER
Universal Decimal Classification number 523.43
Item number MAR
245 #0 - TITLE STATEMENT
Title Mars
Statement of responsibility, etc. edited by Hugh H. Kieffer…[et al.]
260 ## - PUBLICATION, DISTRIBUTION, ETC.
Place of publication, distribution, etc. Tucson
Name of publisher, distributor, etc. University of Arizona Press
Date of publication, distribution, etc. 1992
300 ## - PHYSICAL DESCRIPTION
Extent xv, 1498p.
490 ## - SERIES STATEMENT
Series statement Space science series
650 ## - SUBJECT ADDED ENTRY--TOPICAL TERM
Topical term or geographic name entry element Astronomy and astrophysics thesaurus
650 ## - SUBJECT ADDED ENTRY--TOPICAL TERM
Topical term or geographic name entry element Mars
9 (RLIN) 1378
700 ## - ADDED ENTRY--PERSONAL NAME
Personal name Jakosky, Bruce M., ed.
9 (RLIN) 18499
700 ## - ADDED ENTRY--PERSONAL NAME
Personal name Kieffer, Hugh H., ed.
9 (RLIN) 18500
700 ## - ADDED ENTRY--PERSONAL NAME
Personal name Matthews, Mildred S., ed.
9 (RLIN) 18501
700 ## - ADDED ENTRY--PERSONAL NAME
Personal name Snyder, Conway W., ed.
9 (RLIN) 18502
942 ## - ADDED ENTRY ELEMENTS (KOHA)
Koha item type Books
952 ## - LOCATION AND ITEM INFORMATION (KOHA)
-- 74.82
Holdings
Withdrawn status Lost status Damaged status Not for loan Home library Current library Shelving location Date acquired Total Checkouts Full call number Barcode Date last seen Price effective from Koha item type
        IIA Library-Bangalore IIA Library-Bangalore General Stacks 12/10/1993   523.43/ MAR 11733 05/11/2021 12/10/1993 Books

Powered by Koha